Countries by Fast Food Chain 🍔 - Statistics

General Stats
  • This quiz has been taken 1,248 times
  • The average score is 5 of 15
Answer Stats
Chain Country % Correct
Tim Hortons Canada
94%
Hungry Jack's Australia
60%
Vkusno i tochka Russia
51%
Jollibee Philippines
49%
Nando’s South Africa
39%
Nordsee Germany
35%
Supermac's Ireland
19%
MOS Burger Japan
19%
Lotteria South Korea
16%
Giraffas Brazil
14%
Wallace (CNHLS) China
14%
Hesburger Finland
14%
Albaik Saudi Arabia
12%
Kebab Turki Baba Rafi Indonesia
10%
Toast Box Singapore
9%
No matching quizzes found
Score Distribution
Percent of People with Each Score
Percentile by Number Answered
Your Score History
You have not taken this quiz